All Texas Cities on a Map - Statistics

General Stats
  • This quiz has been taken 55 times
  • The average score is 132 of 1775
Answers on the Map
Answers color-coded by a green-red scale on the quiz's map according to % correct below.
 
Answer Stats
City Population % Correct
Austin 993,588
87%
Corpus Christi 317,317
84%
Dallas 1,326,087
84%
San Antonio 1,526,656
84%
Houston 2,390,125
77%
B and E 187
74%
Brownsville 191,967
74%
El Paso 681,723
74%
Amarillo 203,729
71%
Fort Worth 1,008,106
71%
Laredo 261,260
68%
Arlington 403,672
65%
Lubbock 272,086
65%
McAllen 148,782
65%
Plano 293,286
61%
Waco 146,608
61%
Irving 258,060
58%
Spring 67,103
55%
Tyler 112,219
55%
Beaumont 112,893
52%
College Station 128,023
52%
Dean 521
52%
Galveston 53,538
52%
San Marcos 74,316
52%
Odessa 119,748
48%
Abilene 130,501
45%
Allen 113,746
45%
Frisco 235,208
45%
Garland 250,431
45%
Killeen 160,616
45%
Midland 143,687
45%
West 2,597
45%
Wichita Falls 102,372
45%
Denton 165,998
42%
McKinney 227,526
42%
Pearland 129,620
42%
Round Rock 135,359
42%
San Juan 37,432
42%
Sugar Land 109,851
42%
Texas City 57,875
42%
Columbus 3,938
39%
Mesquite 150,359
39%
New Braunfels 116,477
39%
Pasadena 149,617
39%
Portland 20,725
39%
Carrollton 135,456
35%
Eden 2,120
35%
Edinburg 108,733
35%
Grand Prairie 207,331
35%
Mart 1,843
35%
Richards 99
35%
Santa Maria 600
35%
Georgetown 101,344
32%
Gonzales 7,238
32%
Lancaster 40,780
32%
Paris 25,037
32%
Richardson 118,221
32%
Richmond 13,305
32%
San Diego 3,620
32%
Texarkana 35,971
32%
Bryan 91,541
29%
Cleveland 9,757
29%
Clint 1,069
29%
Fayetteville 252
29%
Katy 27,741
29%
Lexington 1,319
29%
Longview 83,668
29%
Orange 19,275
29%
San Angelo 100,159
29%
South Padre Island 2,076
29%
Victoria 66,020
29%
Anna 31,986
26%
Bellevue 298
26%
Bloomington 1,409
26%
Charlotte 1,620
26%
Clay 22
26%
Duncanville 39,203
26%
Eagle Pass 28,768
26%
Greenville 34,355
26%
Hamilton 3,005
26%
Hidalgo 15,164
26%
Jacksonville 14,639
26%
Johnson City 2,092
26%
Kerrville 25,141
26%
Marion 1,098
26%
Morgan 470
26%
Parker 6,332
26%
Pflugerville 66,819
26%
Pittsburg 4,552
26%
San Benito 24,712
26%
Santa Anna 1,052
26%
Taylor 17,872
26%
The Hills 2,342
26%
Trent 295
26%
Trenton 852
26%
Uvalde 15,589
26%
Alamo 20,694
23%
Anderson 212
23%
Aransas Pass 8,742
23%
Bridgeport 6,763
23%
Cameron 5,527
23%
Canyon 16,457
23%
Cedar Park 78,380
23%
Donna 16,876
23%
Franklin 1,792
23%
Harlingen 72,234
23%
Hart 881
23%
Huntsville 49,500
23%
Ingleside 10,155
23%
Lamar 1,282
23%
Lewisville 135,983
23%
Live Oak 16,218
23%
Marshall 24,263
23%
Montgomery 2,860
23%
Moore 38
23%
Pharr 81,142
23%
Port Aransas 3,616
23%
Refugio 2,788
23%
Reno 7,199
23%
Rockport 11,069
23%
San Pedro 398
23%
Santa Clara 753
23%
Santa Rosa 2,729
23%
Seguin 38,789
23%
Taft 2,929
23%
Terrell 22,977
23%
The Woodlands 116,916
23%
Trinity 2,474
23%
Van 2,944
23%
Bastrop 12,720
19%
Clarksville 2,869
19%
Conroe 114,581
19%
Cuero 8,215
19%
Dayton 9,752
19%
Del Rio 34,678
19%
Dennis 843
19%
Floresville 8,738
19%
Flower Mound 79,990
19%
Fulton 1,612
19%
Grapevine 51,320
19%
Harper 1,199
19%
Henderson 13,485
19%
Hutchins 7,996
19%
Jefferson 1,996
19%
Kenedy 3,378
19%
Kingsville 24,884
19%
Kyle 65,833
19%
League City 118,456
19%
Liberty 8,974
19%
Llano 3,602
19%
Lockhart 17,166
19%
Luling 5,752
19%
Miami 542
19%
Mission 88,574
19%
Newton 1,571
19%
Port Isabel 5,210
19%
Port Lavaca 11,299
19%
Rhome 1,926
19%
Rockwall 53,547
19%
Santa Monica 10
19%
Savannah 6,877
19%
Selma 11,900
19%
Sherman 50,229
19%
Sinton 5,648
19%
Smiley 490
19%
Southlake 31,500
19%
St. Paul 2,167
19%
Temple 96,267
19%
Thornton 427
19%
Universal City 20,267
19%
Westlake 2,017
19%
Wilson 457
19%
Alamo Heights 7,557
16%
Alto 1,064
16%
Athens 13,575
16%
Bay City 17,471
16%
Bayview 555
16%
Belton 25,635
16%
Blanco 2,077
16%
Buda 16,090
16%
Bulverde 7,198
16%
Burleson 56,253
16%
Burlington 54
16%
Canton 4,841
16%
Canyon Lake 32,924
16%
Cibolo 37,816
16%
Converse 31,400
16%
Corinth 24,450
16%
Denison 26,446
16%
Detroit 706
16%
Douglassville 211
16%
Edna 6,039
16%
Euless 60,010
16%
Falfurrias 4,351
16%
Fredericksburg 11,766
16%
Fresno 24,087
16%
Gainesville 18,295
16%
Geronimo 977
16%
Goliad 1,716
16%
Gregory 1,717
16%
Helotes 10,223
16%
Hondo 8,969
16%
Hudson 5,288
16%
Inez 2,280
16%
Karnes City 3,620
16%
Kaufman 9,785
16%
Kirby 8,104
16%
La Vernia 1,483
16%
Leon Valley 11,424
16%
Los Fresnos 8,759
16%
Mathis 4,292
16%
May 151
16%
Memphis 2,041
16%
Missouri City 78,582
16%
Mount Pleasant 16,238
16%
Nacogdoches 32,381
16%
Nixon 2,389
16%
North Richland Hills 71,436
16%
Olmos Park 2,155
16%
Omaha 939
16%
Pleasanton 11,409
16%
Port Arthur 55,799
16%
Poth 1,992
16%
Raymondville 10,107
16%
Red Oak 19,365
16%
Richland 273
16%
Riviera 730
16%
Robstown 10,383
16%
Runge 960
16%
San Carlos 4,209
16%
Sandy Oaks 5,698
16%
San Fernando 46
16%
San Patricio 450
16%
Santa Cruz 315
16%
Santa Fe 13,131
16%
Sarita 46
16%
Schertz 44,428
16%
Smithville 4,335
16%
The Colony 45,897
16%
Three Rivers 1,803
16%
University Park 25,268
16%
Warren 632
16%
Weslaco 43,864
16%
White Settlement 18,099
16%
Yorktown 1,785
16%
Zapata 4,879
16%
Addison 17,257
13%
Alba 508
13%
Albany 1,893
13%
Alice 17,595
13%
Alton 22,907
13%
Andrews 13,677
13%
Aurora 1,618
13%
Austwell 114
13%
Balch Springs 27,307
13%
Balcones Heights 2,707
13%
Bandera 891
13%
Bayside 280
13%
Bedford 48,728
13%
Bee Cave 8,510
13%
Beeville 13,176
13%
Belterra 7,190
13%
Beverly Hills 1,847
13%
Bishop 3,057
13%
Boerne 22,712
13%
Briar 6,253
13%
Buffalo 1,892
13%
Caldwell 4,820
13%
Cameron Park 6,180
13%
Camp Swift 7,505
13%
Carrizo Springs 4,586
13%
Carthage 6,653
13%
Castroville 3,201
13%
Cedar Creek 4,026
13%
Celina 51,661
13%
Chandler 3,816
13%
Chester 273
13%
China 1,298
13%
Colleyville 26,012
13%
Collinsville 2,045
13%
Comfort 1,917
13%
Cool 233
13%
Cooper 2,082
13%
Cotulla 3,661
13%
DeSoto 56,711
13%
Devine 4,622
13%
Dripping Springs 10,165
13%
Driscoll 665
13%
Dublin 3,450
13%
Edcouch 2,693
13%
Edroy 297
13%
Elgin 12,438
13%
Elmendorf 2,683
13%
Elsa 5,750
13%
Fairfield 3,005
13%
Falls City 513
13%
Flat 489
13%
Flatonia 1,398
13%
Florence 1,211
13%
Fort Hood 25,786
13%
Freer 2,352
13%
Garfield 2,424
13%
George West 2,227
13%
Giddings 5,324
13%
Grey Forest 517
13%
Haltom City 45,786
13%
Hays 264
13%
Highland Park 8,762
13%
Holliday 1,712
13%
Hurst 39,500
13%
Hutto 42,661
13%
Ingleside on the Bay 602
13%
Jasper 7,505
13%
Jonestown 2,615
13%
Jourdanton 4,569
13%
Keller 46,643
13%
Kingsbury 143
13%
La Grange 4,504
13%
Laguna Vista 3,791
13%
Lake Dallas 7,915
13%
Lake Jackson 28,158
13%
Lake Worth 4,813
13%
La Villa 3,179
13%
Leander 87,511
13%
Little Elm 61,219
13%
Livingston 5,562
13%
Los Angeles 400
13%
Lufkin 34,399
13%
Madisonville 4,642
13%
Magnolia 6,506
13%
Manchaca 2,002
13%
Manor 21,500
13%
Martinez 8
13%
Melissa 26,194
13%
Menard 1,309
13%
Mercedes 17,535
13%
Meridian 1,423
13%
Midlothian 44,104
13%
Milano 432
13%
Mineral Wells 15,688
13%
Murphy 21,109
13%
Nash 4,208
13%
New Berlin 711
13%
Nordheim 345
13%
Odem 2,292
13%
Paige 89
13%
Palmer 4,227
13%
Pearsall 9,541
13%
Penitas 6,568
13%
Petronila 85
13%
Pettus 589
13%
Point 817
13%
Port O'Connor 698
13%
Princeton 37,019
13%
Progreso 5,182
13%
Ranger 2,343
13%
Rangerville 111
13%
Rice 1,254
13%
Richland Hills 8,546
13%
Rochester 251
13%
Roma 11,635
13%
Round Top 95
13%
Rowlett 68,123
13%
Sachse 33,008
13%
San Felipe 717
13%
Sanger 10,142
13%
Seadrift 1,056
13%
Sheridan 172
13%
Shiner 2,163
13%
Socorro 38,642
13%
Stamford 2,952
13%
Staples 190
13%
Stockdale 1,488
13%
Stonewall 347
13%
Terrell Hills 5,142
13%
Tradewinds 319
13%
Uhland 1,885
13%
Vernon 9,728
13%
Von Ormy 1,215
13%
Waelder 955
13%
Waxahachie 48,617
13%
Weatherford 39,397
13%
Webberville 472
13%
Wellington 1,857
13%
Westminster 1,105
13%
Weston 930
13%
Wimberley 2,889
13%
Windcrest 5,782
13%
Woodsboro 1,291
13%
Yoakum 5,875
13%
Airport Road Addition 103
10%
Alamo Beach 153
10%
Alice Acres 797
10%
Alpine 6,039
10%
Argyle 6,294
10%
Atlanta 5,448
10%
Banquete 488
10%
Baytown 86,004
10%
Ben Bolt 2,391
10%
Blue Berry Hill 648
10%
Bluetown 688
10%
Blum 408
10%
Brackettville 1,351
10%
Briarcliff 2,387
10%
Brownwood 18,772
10%
Campbell 612
10%
Carter 1,642
10%
Cedar Hill 49,618
10%
Center 5,231
10%
César Chávez 1,742
10%
Christine 365
10%
Cleburne 38,131
10%
Colorado City 3,915
10%
Comanche 4,401
10%
Coolidge 800
10%
Coppell 41,785
10%
Corsicana 25,591
10%
Coyote Acres 499
10%
Creedmoor 423
10%
Crystal City 6,009
10%
Decatur 8,266
10%
Del Mar Heights 102
10%
Dilley 3,953
10%
El Campo 12,176
10%
Encino 137
10%
Ennis 24,753
10%
Fair Oaks Ranch 11,744
10%
Falman 13
10%
Farmers Branch 37,341
10%
Flowella 20
10%
Floydada 2,503
10%
Garden Ridge 4,378
10%
Glenn Heights 19,752
10%
Granjeno 289
10%
Gun Barrel City 6,999
10%
Hallettsville 2,745
10%
Hargill 876
10%
Hebron 219
10%
Highland Village 16,137
10%
Hill Country Village 949
10%
Hillsboro 8,878
10%
Holiday Beach 349
10%
Hollywood Park 3,128
10%
Hornsby Bend 12,021
10%
Huntington 2,117
10%
Indian Lake 888
10%
Ingram 1,849
10%
Italy 2,130
10%
Jarrell 5,151
10%
Joshua 9,146
10%
Juarez 380
10%
Justin 6,197
10%
K-Bar Ranch 524
10%
Kemp 1,414
10%
Krum 6,799
10%
LaCoste 1,222
10%
La Feria 7,036
10%
La Grulla 1,237
10%
Laguna Heights 990
10%
La Joya 5,129
10%
Lake Dunlap 1,230
10%
Lakeside 1,973
10%
Lakeway 19,056
10%
La Paloma 2,836
10%
Liberty Hill 11,984
10%
Los Indios 1,042
10%
Lyford 2,209
10%
Macdona 449
10%
Magnolia Beach 62
10%
Mansfield 80,803
10%
Martindale 1,266
10%
Mason 2,152
10%
Matagorda 298
10%
McDade 1,380
10%
McQueeney 2,469
10%
Milford 801
10%
Morgan Farm 467
10%
Moulton 858
10%
Mountain City 676
10%
Mustang Ridge 1,002
10%
Natalia 1,356
10%
Navasota 9,471
10%
Nevada 1,511
10%
New Boston 4,546
10%
Newcastle 539
10%
Niederwald 720
10%
Northlake 10,746
10%
North San Pedro 705
10%
Oilton 108
10%
Owl Ranch 113
10%
Palacios 4,373
10%
Paradise 765
10%
Pawnee 69
10%
Pilot Point 6,771
10%
Placedo 503
10%
Plum 256
10%
Point Comfort 562
10%
Port Mansfield 157
10%
Poteet 3,005
10%
Premont 2,401
10%
Primera 5,449
10%
Progreso Lakes 275
10%
Prosper 44,503
10%
Quail 16
10%
Quail Creek 1,722
10%
Rancho Viejo 3,029
10%
Red Rock 630
10%
Redwood 3,586
10%
Reid Hope King 755
10%
Ricardo 1,070
10%
Rio Hondo 2,311
10%
Rollingwood 1,438
10%
Saginaw 26,116
10%
San Augustine 1,848
10%
Sandia 298
10%
San Leanna 517
10%
San Perlita 543
10%
Schulenburg 2,839
10%
Seagoville 20,124
10%
Sebastian 1,144
10%
Shavano Park 3,807
10%
Skidmore 1,124
10%
Somerset 1,843
10%
South Houston 16,146
10%
South Point 809
10%
Spofford 44
10%
Spring Branch 254
10%
Spring Gardens 591
10%
Springtown 4,843
10%
Stafford 17,555
10%
Stratford 1,964
10%
Sunset 648
10%
Sunset Valley 617
10%
Taft Southwest 1,399
10%
Tierra Grande 92
10%
Tierra Verde 49
10%
Tilden 141
10%
Tivoli 533
10%
Troy 3,427
10%
Tynan 286
10%
Van Alstyne 7,220
10%
Villa Pancho 431
10%
Volente 522
10%
Waller 4,138
10%
Webster 12,548
10%
Westdale 204
10%
West Lake Hills 3,208
10%
West University Place 15,149
10%
Wilmer 6,774
10%
Woodcreek 1,886
10%
Wyldwood 5,436
10%
Zavalla 619
10%
Zuehl 301
10%
Agua Dulce 3,661
6%
Aguilares 41
6%
Aldine 15,434
6%
Aledo 6,655
6%
Alfred 246
6%
Alvarado 7,312
6%
Alvin 29,869
6%
Amargosa 213
6%
Ames 1,210
6%
Angleton 20,979
6%
Annetta 3,473
6%
Anthony 4,542
6%
Anton 926
6%
Arroyo Colorado Estates 587
6%
Atascocita 93,926
6%
Aubrey 8,843
6%
Avery 447
6%
Azle 15,046
6%
Batesville 1,033
6%
Bear Creek 461
6%
Bellville 4,291
6%
Benavides 1,137
6%
Benbrook 24,542
6%
Bigfoot 929
6%
Big Spring 22,541
6%
Big Wells 455
6%
Bixby 448
6%
Blue Ridge 1,248
6%
Borger 11,892
6%
Bowie 6,054
6%
Boyd 2,202
6%
Brady 4,956
6%
Brazoria 2,898
6%
Brazos 77
6%
Breckenridge 5,190
6%
Brenham 19,728
6%
Bridge City 9,806
6%
Bristol 566
6%
Bruni 411
6%
Burkburnett 11,101
6%
Burnet 6,869
6%
Caddo Mills 5,257
6%
Canadian 2,169
6%
Caney City 205
6%
Cantu Addition 28
6%
Carmine 252
6%
Carrizo Hill 1,355
6%
Castle Hills 3,931
6%
Catarina 83
6%
Celeste 909
6%
Childress 5,683
6%
China Grove 1,138
6%
Chireno 376
6%
Circle D-KC Estates 3,321
6%
Cisco 4,029
6%
Clute 10,893
6%
Clyde 4,051
6%
Combes 3,259
6%
Commerce 9,800
6%
Concepcion 12
6%
Copperas Cove 39,627
6%
Copper Canyon 2,369
6%
Corrigan 1,401
6%
Cottonwood 252
6%
Crandall 5,950
6%
Crane 3,375
6%
Crawford 927
6%
Cresson 2,050
6%
Crowley 20,483
6%
Daingerfield 2,534
6%
Deer Park 34,495
6%
Del Sol 351
6%
Denver City 4,366
6%
Diboll 5,108
6%
Dickinson 21,941
6%
Dime Box 199
6%
Doolittle 6,162
6%
Double Horn 282
6%
Dumas 14,834
6%
Eagle Lake 3,545
6%
Earth 899
6%
Easton 513
6%
Edgewater Estates 20
6%
Edgewood 1,752
6%
Eidson Road 9,481
6%
El Cenizo 2,813
6%
Elmo 1,377
6%
Emory 1,390
6%
Encantada-Ranchito-El Calaboz 2,328
6%
Encinal 539
6%
Escobares 2,589
6%
Eureka 360
6%
Everman 6,347
6%
Fairview 10,922
6%
Farmersville 4,352
6%
Fate 27,467
6%
Ferris 4,200
6%
Forest Hill 14,314
6%
Forney 38,572
6%
Fort Bliss 12,009
6%
Fort Stockton 8,147
6%
Freeport 10,635
6%
Friendswood 41,291
6%
Galena Park 10,438
6%
Gallatin 342
6%
Ganado 2,027
6%
Gatesville 16,388
6%
Godley 4,402
6%
Granbury 12,934
6%
Grand Saline 3,292
6%
Grandview 1,946
6%
Granger 1,209
6%
Granite Shoals 5,417
6%
Green Valley Farms 469
6%
Groves 16,866
6%
Harker Heights 35,263
6%
Harwood 52
6%
Haslet 4,743
6%
Hawkins 1,412
6%
Hearne 4,641
6%
Heartland 11,019
6%
Heath 11,499
6%
Hebbronville 4,324
6%
Hempstead 6,658
6%
Hickory Creek 6,901
6%
Hilltop 834
6%
Horizon City 24,802
6%
Howe 3,667
6%
Humble 16,561
6%
Iglesia Antigua 129
6%
Iowa Colony 17,240
6%
Iowa Park 6,583
6%
Jacinto City 9,431
6%
Jacksboro 4,656
6%
Jolly 180
6%
Josephine 8,807
6%
Keene 6,930
6%
Kennedale 10,771
6%
Kermit 5,909
6%
Kilgore 13,583
6%
Kingsland 7,246
6%
Kress 592
6%
Lackland AFB 6,650
6%
Lago 87
6%
Lago Vista 10,246
6%
Lake City 489
6%
Lakeshore Gardens-Hidden Acres 1,020
6%
Lampasas 7,936
6%
Lantana 12,583
6%
La Paloma Addition 107
6%
La Paloma-Lost Creek 541
6%
Las Palmas 48
6%
La Tina Ranch 427
6%
Laureles 3,505
6%
Lavon 8,491
6%
Leming 898
6%
Lindsay 1,796
6%
Linn 633
6%
Littlefield 5,740
6%
Liverpool 551
6%
Loma Linda 230
6%
Loma Linda East 34
6%
Lone Oak 804
6%
Lozano 153
6%
Lucas 8,840
6%
Lytle 3,325
6%
Mabank 7,021
6%
Marathon 271
6%
Marble Falls 9,413
6%
Marfa 1,641
6%
Maypearl 971
6%
Medina 4,073
6%
Mirando City 211
6%
Muleshoe 5,218
6%
Murillo 8,511
6%
Naples 1,411
6%
Newark 1,288
6%
Nolanville 7,395
6%
Normanna 17
6%
North Alamo 4,843
6%
Oak Point 6,826
6%
Olivarez 6,566
6%
Olmito 1,013
6%
Orange Grove 1,182
6%
Orason 697
6%
Paisano Park 40
6%
Palestine 19,583
6%
Palmview 16,030
6%
Paloma Creek 3,250
6%
Paloma Creek South 8,797
6%
Petersburg 971
6%
Poetry 1,559
6%
Point Venture 1,243
6%
Ponder 2,875
6%
Post 3,594
6%
Pottsboro 2,780
6%
Powell 111
6%
Providence Village 10,350
6%
Quanah 2,181
6%
Queen City 1,391
6%
Quinlan 1,561
6%
Ranchette Estates 220
6%
Rancho Alegre 1,304
6%
Rancho Banquete 266
6%
Realitos 26
6%
Relampago 171
6%
Rendon 15,894
6%
Rice Tracts 1,117
6%
Rio Bravo 4,436
6%
Rio Grande City 15,526
6%
River Oaks 7,505
6%
Road Runner 856
6%
Roanoke 10,895
6%
Rockdale 5,637
6%
Rogers 1,099
6%
Rosanky 1,609
6%
Rosenberg 42,571
6%
Ross 199
6%
Rosser 390
6%
Round Mountain 118
6%
Royse City 26,387
6%
Sabinal 1,383
6%
Salado 2,483
6%
Sandy Hollow-Escondidas 563
6%
San Elizario 10,128
6%
San Isidro 198
6%
San Saba 2,866
6%
Sansom Park 5,402
6%
Scenic Oaks 10,727
6%
Scurry 871
6%
Sealy 7,553
6%
Shelbyville 187
6%
Silsbee 6,711
6%
Solis 672
6%
Sonora 2,420
6%
South La Paloma 520
6%
Steiner Ranch 18,683
6%
Stephenville 22,147
6%
St. Hedwig 2,377
6%
St. Jo 950
6%
Sunnyvale 8,839
6%
Sweetwater 10,196
6%
Thrall 873
6%
Timberwood Park 34,980
6%
Tioga 1,288
6%
Tira 341
6%
Tolar 1,339
6%
Tomball 15,152
6%
Tom Bean 950
6%
Tow 177
6%
Travis Ranch 9,894
6%
Trophy Club 13,704
6%
Tuleta 217
6%
Tulsita 19
6%
Uvalde Estates 2,168
6%
Van Horn 2,011
6%
Vega 911
6%
Venus 8,209
6%
Vidor 9,686
6%
Watauga 23,120
6%
Willis 7,222
6%
Willow Park 6,851
6%
Wills Point 4,050
6%
Woodville 2,347
6%
Wylie 62,954
6%
Abbott 370
3%
Abram 1,832
3%
Adrian 135
3%
Alma 421
3%
Amistad 60
3%
Anahuac 2,023
3%
Annetta North 627
3%
Annetta South 703
3%
Archer City 1,642
3%
Arp 987
3%
Arroyo Gardens 248
3%
Asherton 678
3%
Avinger 376
3%
Bacliff 9,935
3%
Bailey 241
3%
Baird 1,545
3%
Ballinger 3,530
3%
Bardwell 670
3%
Barrett 2,938
3%
Barry 246
3%
Bartlett 1,676
3%
Bartonville 1,877
3%
Beaver Creek 923
3%
Beckville 754
3%
Bellaire 17,439
3%
Bellmead 10,607
3%
Bells 1,520
3%
Berryville 925
3%
Bertram 2,020
3%
Big Lake 2,762
3%
Big Sandy 1,326
3%
Blessing 426
3%
Blooming Grove 890
3%
Blossom 1,478
3%
Blue Mound 2,317
3%
Boling 732
3%
Bonanza Hills 33
3%
Bonham 11,115
3%
Bonney 202
3%
Booker 1,349
3%
Botines 14
3%
Bovina 1,661
3%
Briaroaks 516
3%
Broaddus 183
3%
Bronte 968
3%
Brookshire 5,782
3%
Brownfield 8,682
3%
Brownsboro 1,309
3%
Bruceville-Eddy 1,460
3%
Brushy Creek 20,953
3%
Bryson 469
3%
Bullard 5,070
3%
Buna 2,030
3%
Burke 704
3%
Burton 286
3%
Callisburg 356
3%
Calvert 991
3%
Camp Wood 520
3%
Canutillo 6,422
3%
Canyon Creek 963
3%
Carbon 296
3%
Carlsbad 662
3%
Centerville 1,001
3%
Channelview 43,536
3%
Chico 1,103
3%
Chilton 804
3%
Chula Vista 5,332
3%
Cienegas Terrace 1,703
3%
Cinco Ranch 19,139
3%
Clarendon 1,843
3%
Clifton 3,535
3%
Cloverleaf 24,630
3%
Cockrell Hill 3,662
3%
Coleman 4,042
3%
Colorado Acres 39
3%
Combine 2,717
3%
Como 750
3%
Cottonwood Shores 1,668
3%
Covington 299
3%
Coyote Flats 295
3%
Cranfills Gap 286
3%
Crockett 6,387
3%
Cross Roads 1,977
3%
Cumby 715
3%
Cushing 578
3%
Dalhart 8,443
3%
Dalworthington Gardens 2,299
3%
Dawson 819
3%
Deerwood 1,989
3%
De Kalb 1,426
3%
Delmita 210
3%
D'Hanis 638
3%
Dimmitt 4,119
3%
DISH 476
3%
Domino 79
3%
Double Oak 3,073
3%
Driftwood 141
3%
Eastland 3,772
3%
East Tawakoni 944
3%
Ector 790
3%
Edgecliff Village 3,777
3%
Edom 367
3%
Eldorado 1,495
3%
Electra 2,249
3%
Elkhart 1,266
3%
Ellinger 296
3%
Elm Creek 3,730
3%
Emerald Bay 1,074
3%
Emhouse 213
3%
Enchanted Oaks 362
3%
Eustace 1,153
3%
Evergreen 130
3%
Fabrica 657
3%
Fairchilds 1,039
3%
Farwell 1,379
3%
Fort Clark Springs 1,146
3%
Fort Davis 986
3%
Four Corners 11,490
3%
Four Points 73
3%
Friona 4,071
3%
Fritch 1,763
3%
Fruitvale 521
3%
Fulshear 54,629
3%
Garrett 878
3%
Garrison 827
3%
Gilmer 5,207
3%
Gladewater 6,307
3%
Goldthwaite 1,767
3%
Gordon 495
3%
Graham 8,859
3%
Grapeland 1,491
3%
Grays Prairie 409
3%
Groesbeck 3,960
3%
Gunter 2,498
3%
Gutierrez 11
3%
Hackberry 2,959
3%
Hallsville 4,896
3%
Happy 593
3%
Hardin 865
3%
Hawk Cove 511
3%
Hedley 263
3%
Heidelberg 2,221
3%
Hereford 14,860
3%
Hewitt 16,749
3%
Hico 1,476
3%
Highland Haven 410
3%
Highlands 7,339
3%
Hillcrest 695
3%
Hitchcock 7,752
3%
Holland 1,129
3%
Homestead Meadows North 5,987
3%
Homestead Meadows South 7,687
3%
Honey Grove 1,802
3%
Hooks 2,474
3%
Horseshoe Bay 5,218
3%
Hubbard 1,480
3%
Hudson Oaks 2,741
3%
Hughes Springs 1,533
3%
Idalou 2,117
3%
Imperial 276
3%
Indian Hills 2,779
3%
Industry 290
3%
Iola 347
3%
Iraan 1,014
3%
Itasca 1,885
3%
Jersey Village 7,791
3%
Junction 2,492
3%
Kemah 2,853
3%
Kempner 1,283
3%
Kerens 1,508
3%
Knippa 997
3%
Knox City 1,032
3%
Krugerville 2,001
3%
La Blanca 3,479
3%
Lacy-Lakeview 7,262
3%
Ladonia 629
3%
La Feria North 167
3%
Laguna Seca 259
3%
La Homa 11,389
3%
Lakehills 5,872
3%
Lake Medina Shores 1,198
3%
Lakeport 992
3%
Lakewood Village 781
3%
La Marque 20,194
3%
Lamesa 8,108
3%
La Porte 38,046
3%
La Presa 210
3%
La Pryor 1,130
3%
Lasana 62
3%
Lasara 1,208
3%
Las Lomitas 103
3%
Las Palmas II 770
3%
Las Quintas Fronterizas 1,802
3%
La Ward 196
3%
Leakey 323
3%
Leroy 358
3%
Levelland 12,494
3%
Liberty City 2,826
3%
Lindale 7,227
3%
Linden 1,812
3%
Lipan 546
3%
Llano Grande 2,195
3%
Lockett 268
3%
Log Cabin 855
3%
Lolita 202
3%
Loma Grande 336
3%
Lometa 801
3%
Lone Star 1,407
3%
Lopezville 2,026
3%
Loraine 497
3%
Lorena 1,794
3%
Los Veteranos I 47
3%
Los Veteranos II 13
3%
Lott 678
3%
Louise 706
3%
Lovelady 590
3%
Loving 142
3%
Lowry Crossing 2,028
3%
Lumberton 14,255
3%
Malakoff 2,257
3%
Manvel 19,309
3%
Marietta 115
3%
Marlin 5,572
3%
Matador 540
3%
Maud 985
3%
McGregor 6,161
3%
McLean 648
3%
McLendon-Chisholm 5,291
3%
Meadow 612
3%
Meadowlakes 1,843
3%
Melvin 121
3%
Mexia 6,916
3%
Mila Doce 8,298
3%
Milam 1,275
3%
Mildred 458
3%
Miles 934
3%
Millsap 422
3%
Mineola 5,380
3%
Mission Bend 37,280
3%
Mobile City 169
3%
Monahans 7,334
3%
Mont Belvieu 10,229
3%
Mount Vernon 2,601
3%
Muenster 1,725
3%
Mullin 128
3%
Munday 1,214
3%
Myra 267
3%
Nada 179
3%
Navarro 244
3%
Nazareth 310
3%
Nederland 18,168
3%
New Deal 748
3%
New Fairview 1,631
3%
New Hope 684
3%
New London 988
3%
Neylandville 74
3%
Nome 470
3%
Noonday 777
3%
North Pearsall 396
3%
Oak Leaf 1,685
3%
Oakwood 405
3%
Oglesby 445
3%
Onalaska 3,367
3%
Ore City 1,199
3%
Overton 2,305
3%
Ovilla 4,771
3%
Paducah 967
3%
Palmhurst 2,602
3%
Palm Valley 1,353
3%
Palo Pinto 197
3%
Pampa 16,487
3%
Pantego 2,495
3%
Payne Springs 772
3%
Pecan Gap 186
3%
Pecan Grove 24,798
3%
Pecan Hill 748
3%
Pecan Plantation 6,539
3%
Pelican Bay 2,674
3%
Penelope 189
3%
Perezville 2,366
3%
Perryton 8,219
3%
Petty 155
3%
Pinehurst 6,234
3%
Pineland 896
3%
Piney Point Village 3,143
3%
Plains 1,358
3%
Plainview 19,429
3%
Port Neches 13,709
3%
Prairie View 8,662
3%
Presidio 3,047
3%
Pueblo Nuevo 503
3%
Putnam 77
3%
Quemado 101
3%
Quitman 2,043
3%
Radar Base 29
3%
Rancho Chico 48
3%
Ranchos Penitas West 420
3%
Randolph AFB 1,400
3%
Rankin 736
3%
Ratamosa 333
3%
Ravenna 192
3%
Redland 534
3%
Red Lick 930
3%
Redwater 861
3%
Richland Springs 246
3%
Ringgold 169
3%
Riverside 612
3%
Robert Lee 1,063
3%
Robinson 12,986
3%
Rochelle 140
3%
Rocksprings 847
3%
Roscoe 1,209
3%
Rosebud 1,341
3%
Rose City 341
3%
Rosita 3,023
3%
Rusk 5,553
3%
Salida del Sol Estates 6,356
3%
Sanctuary 383
3%
Sanderson 678
3%
San Leon 5,764
3%
Santo 272
3%
Sargent 1,332
3%
Scissors 3,196
3%
Scotland 438
3%
Scottsville 339
3%
Seabrook 13,976
3%
Seco Mines 1,029
3%
Seis Lagos 1,160
3%
Seminole 7,386
3%
Seven Points 1,515
3%
Seymour 2,622
3%
Shady Hollow 5,821
3%
Shady Shores 3,005
3%
Sheffield 107
3%
Shenandoah 3,839
3%
Shiro 103
3%
Siesta Acres 1,814
3%
Silverton 653
3%
Slaton 5,698
3%
Snook 551
3%
Snyder 11,151
3%
Somerville 1,478
3%
Sonterra 8,576
3%
Sour Lake 1,845
3%
South Alamo 3,114
3%
South Fork Estates 181
3%
South Mountain 410
3%
Southside Place 1,908
3%
Sparks 4,936
3%
Splendora 2,063
3%
Stanton 2,629
3%
Star Harbor 525
3%
Stowell 1,984
3%
Sudan 937
3%
Sulphur Springs 16,891
3%
Sundown 1,306
3%
Sunrise Beach Village 803
3%
Sunset Acres 34
3%
Surfside Beach 704
3%
Sweeny 3,602
3%
Talty 3,198
3%
Tatum 1,400
3%
Teague 3,569
3%
The Homesteads 3,113
3%
Thorndale 1,388
3%
Throckmorton 765
3%
Tierra Bonita 59
3%
Tiki Island 1,120
3%
Timpson 1,002
3%
Tool 2,380
3%
Trinidad 853
3%
Troup 2,141
3%
Tulia 4,360
3%
Uncertain 85
3%
Union Grove 476
3%
Union Valley 511
3%
Valera 70
3%
Valley View 891
3%
Villa del Sol 61
3%
Wake Village 5,813
3%
Waskom 1,942
3%
Weimar 2,194
3%
Weir 770
3%
Wells 903
3%
Wells Branch 14,156
3%
West Columbia 3,649
3%
West Livingston 7,888
3%
West Odessa 31,985
3%
Westover Hills 639
3%
West Sharyland 1,624
3%
West Tawakoni 2,187
3%
Westworth Village 2,717
3%
Wharton 8,755
3%
Wheeler 1,449
3%
Whitehouse 9,781
3%
White Oak 6,241
3%
Whitesboro 4,145
3%
Whitewright 1,761
3%
Whitney 2,124
3%
Winnie 2,787
3%
Winnsboro 3,661
3%
Wolfe City 1,481
3%
Wolfforth 7,982
3%
Woodway 9,686
3%
Yancey 221
3%
Yantis 440
3%
Zapata Ranch 210
3%
Abernathy 2,838
0%
Acala 31
0%
Ackerly 261
0%
Airport Heights 116
0%
Alanreed 16
0%
Allison 59
0%
Alto Bonito Heights 971
0%
Alvord 1,594
0%
Amherst 641
0%
Angus 454
0%
Annona 185
0%
Anson 2,544
0%
Appleby 554
0%
Aquilla 112
0%
Arcola 2,453
0%
Aspermont 784
0%
Bailey's Prairie 799
0%
Balmorhea 391
0%
Bangs 1,535
0%
Barrera 208
0%
Barstow 256
0%
Barton Creek 3,281
0%
Bayou Vista 1,763
0%
Beach City 3,456
0%
Bear Creek Ranch 1,897
0%
Beasley 805
0%
Beauxart Gardens 1,073
0%
Bedias 402
0%
Ben Arnold 62
0%
Benjamin 194
0%
Benjamin Perez 95
0%
Ben Wheeler 1,793
0%
Bevil Oaks 1,046
0%
Big Thicket Lake Estates 550
0%
Bishop Hills 198
0%
Bivins 198
0%
Blackwell 250
0%
Blanket 360
0%
Bledsoe 120
0%
Bloomburg 331
0%
Bluff Dale 169
0%
Bogata 1,109
0%
Bolivar Peninsula 2,995
0%
Box Canyon 46
0%
Boys Ranch 129
0%
Brazos Country 526
0%
Bremond 883
0%
Briggs 69
0%
Brookside Village 1,613
0%
Browndell 156
0%
Buchanan Dam 1,359
0%
Buchanan Lake Village 502
0%
Buckholts 391
0%
Buffalo Gap 633
0%
Buffalo Springs 449
0%
Bunker Hill Village 3,889
0%
Bushland 2,950
0%
Butterfield 236
0%
Byers 475
0%
Bynum 179
0%
Cactus 3,149
0%
Cade Lakes 330
0%
Callender Lake 926
0%
Camargito 276
0%
Campo Verde 204
0%
Cape Royale 524
0%
Carlton 12
0%
Cashion Community 295
0%
Cedar Point 319
0%
Center Point 1,868
0%
Central Gardens 3,491
0%
Channing 259
0%
Chaparrito 128
0%
Chapeno 84
0%
Chillicothe 532
0%
China Spring 1,420
0%
Christoval 243
0%
Citrus City 2,740
0%
Clarksville City 787
0%
Claude 1,175
0%
Clear Lake Shores 1,294
0%
Coahoma 919
0%
Coffee City 244
0%
Coldspring 882
0%
Colmesneil 553
0%
Coupland 302
0%
Cove 682
0%
Coyanosa 106
0%
Crosby 3,038
0%
Crosbyton 1,465
0%
Cross Mountain 4,510
0%
Cross Plains 949
0%
Cross Timber 477
0%
Crowell 733
0%
Cumings 2,343
0%
Cuney 117
0%
Cut and Shoot 1,190
0%
Daisetta 1,177
0%
Damon 103
0%
Danbury 1,699
0%
Darrouzett 295
0%
Dayton Lakes 57
0%
Deanville 18
0%
DeCordova 3,252
0%
De Leon 2,377
0%
Dell City 286
0%
Deport 550
0%
Devers 459
0%
Deweyville 538
0%
Dickens 209
0%
Dodd City 402
0%
Dodson 93
0%
Doffing 5,126
0%
Dorchester 102
0%
Early 3,174
0%
East Alto Bonito 425
0%
East Bernard 2,264
0%
East Columbia 135
0%
East Mountain 964
0%
Edmonson 87
0%
Elbert 9
0%
El Brazil 100
0%
El Castillo 307
0%
El Chaparral 177
0%
El Lago 2,990
0%
E. Lopez 171
0%
El Quiote 51
0%
El Rancho Vela 587
0%
El Refugio 686
0%
El Socio 53
0%
Estelline 123
0%
Eugenio Saenz 72
0%
Evadale 974
0%
Evant 467
0%
Fabens 4,704
0%
Falcon Lake Estates 1,037
0%
Falcon Mesa 423
0%
Fannett 1,698
0%
Farnsworth 14
0%
Fifth Street 945
0%
Flor del Rio 204
0%
Fluvanna 63
0%
Follett 350
0%
Forest Heights 1,644
0%
Forsan 216
0%
Fort Hancock 956
0%
Frankston 1,136
0%
Fronton 328
0%
Fronton Ranchettes 88
0%
Frost 628
0%
Gail 323
0%
Garceno 41
0%
Garciasville 260
0%
Garden City 131
0%
Gardendale 1,520
0%
Garner 522
0%
Garwood 415
0%
Gary City 343
0%
Garza-Salinas II 673
0%
Gause 376
0%
Gholson 1,231
0%
Girard 31
0%
Glazier 22
0%
Glen Rose 3,033
0%
Glidden 341
0%
Goldsmith 229
0%
Golinda 694
0%
Goodlow 175
0%
Goodrich 277
0%
Goree 156
0%
Gorman 1,004
0%
Graford 729
0%
Grandfalls 328
0%
Grangerland 1,046
0%
Grape Creek 4,214
0%
Groom 537
0%
Groveton 942
0%
Gruver 1,068
0%
Guadalupe Guerra 99
0%
Gustine 420
0%
Guthrie 141
0%
Hale Center 2,000
0%
Hallsburg 452
0%
Hamlin 1,875
0%
Hamshire 1,460
0%
Harrold 90
0%
Hartley 514
0%
Haskell 3,067
0%
Havana 259
0%
Hawley 581
0%
Hedwig Village 2,386
0%
Hemphill 1,039
0%
Henrietta 3,237
0%
Hermleigh 418
0%
Hideaway 3,402
0%
Higgins 341
0%
Hillside Acres 7
0%
Hilltop Lakes 803
0%
Hilshire Village 837
0%
Holiday Lakes 1,065
0%
Holly Lake Ranch 2,821
0%
Horseshoe Bend 709
0%
Howardwick 367
0%
Huckabay 204
0%
Hudson Bend 3,902
0%
Hull 309
0%
Hungerford 88
0%
Hunters Creek Village 4,482
0%
Huxley 338
0%
Iago 27
0%
Impact 21
0%
Indian Springs 1,008
0%
Iredell 319
0%
Ivanhoe 1,392
0%
Jamaica Beach 1,077
0%
Jayton 473
0%
Jewett 822
0%
J.F. Villareal 349
0%
Joaquin 729
0%
Jones Creek 1,978
0%
Kendleton 407
0%
Kenefick 807
0%
Kennard 285
0%
Kirbyville 2,021
0%
Kirvin 107
0%
Knollwood 807
0%
Kopperl 126
0%
Kosse 463
0%
Kountze 2,125
0%
Kurten 406
0%
La Carla 89
0%
La Casita 22
0%
La Chuparosa 131
0%
La Coma Heights 122
0%
La Escondida 121
0%
La Esperanza 401
0%
Laguna Park 1,506
0%
Lake Bridgeport 387
0%
Lake Brownwood 1,754
0%
Lake Bryan 1,880
0%
Lake Cherokee 3,358
0%
Lake Colorado City 1,001
0%
Lake Kiowa 2,496
0%
Lake Meredith Estates 164
0%
Lakeside City 1,306
0%
Lake Tanglewood 735
0%
Lake View 302
0%
La Loma de Falcon 60
0%
La Minita 231
0%
Lamkin 22
0%
La Paloma Ranchettes 20
0%
La Puerta 718
0%
La Rosita 251
0%
Las Lomas 1,836
0%
Latexo 243
0%
Laughlin AFB 1,888
0%
La Victoria 266
0%
Lawn 315
0%
Leary 456
0%
Lefors 417
0%
Lelia Lake 86
0%
Leona 164
0%
Leonard 2,203
0%
Lingleville 137
0%
Lipscomb 70
0%
Little Cypress 1,968
0%
Little River-Academy 2,025
0%
Lockney 1,380
0%
Loma Vista 123
0%
Loop 121
0%
Lopeño 51
0%
Lorenzo 946
0%
Los Altos 470
0%
Los Alvarez 232
0%
Los Arcos 27
0%
Los Barreras 178
0%
Los Ebanos 121
0%
Los Ybanez 20
0%
Lueders 261
0%
Lyons 454
0%
Malone 250
0%
Manuel Garcia 207
0%
Markham 1,042
0%
Marquez 190
0%
Mauriceville 2,981
0%
McCamey 1,728
0%
McCaulley 45
0%
McKinney Acres 605
0%
McLeod 475
0%
Meadows Place 4,630
0%
Megargel 178
0%
Mentone 12
0%
Merkel 2,494
0%
Mertens 156
0%
Mertzon 762
0%
Midfield 13
0%
Midway 186
0%
Midway North 3,514
0%
Midway South 2,858
0%
Miguel Barrera 107
0%
Mikes 1,676
0%
Miller's Cove 73
0%
Mingus 242
0%
Mi Ranchito Estate 1,127
0%
Mobeetie 84
0%
Montague 224
0%
Monte Alto 2,260
0%
Moody 1,620
0%
Moore Station 170
0%
Moran 234
0%
Morgan's Point 273
0%
Morgan's Point Resort 4,771
0%
Morning Glory 469
0%
Morse 317
0%
Morton 1,712
0%
Mosheim 103
0%
Mound 142
0%
Mount Calm 319
0%
Mount Enterprise 512
0%
Muniz 1,184
0%
Murchison 516
0%
Myrtle Springs 717
0%
Narciso Pena 350
0%
Nassau Bay 5,229
0%
Neches 214
0%
Needville 3,139
0%
Nesbitt 207
0%
New Chapel Hill 649
0%
New Home 355
0%
New Summerfield 906
0%
New Ulm 322
0%
New Waverly 1,014
0%
Nina 884
0%
Nocona 3,236
0%
Nocona Hills 633
0%
Normangee 547
0%
North Cleveland 288
0%
North Escobares 142
0%
Novice 124
0%
Oak Grove 866
0%
Oakhurst 338
0%
Oak Island 281
0%
Oak Ridge 1,771
0%
Oak Ridge North 3,003
0%
Oak Trail Shores 2,900
0%
Oak Valley 415
0%
O'Brien 91
0%
O'Donnell 740
0%
Oklaunion 129
0%
Old River-Winfree 1,383
0%
Olivia Lopez de Gutierrez 618
0%
Olmito and Olmito 39
0%
Olney 3,029
0%
Olton 1,933
0%
Opdyke West 234
0%
Orchard 343
0%
Oyster Creek 1,234
0%
Ozona 2,485
0%
Pablo Pena 279
0%
Paint Rock 242
0%
Palisades 292
0%
Palmview South 2,301
0%
Palo Blanco 56
0%
Panhandle 2,315
0%
Panorama Village 2,521
0%
Pattison 628
0%
Patton Village 1,980
0%
Pecan Acres 3,966
0%
Pena 91
0%
Pendleton 689
0%
Perrin 271
0%
Petrolia 537
0%
Pinebrook 89
0%
Pine Forest 505
0%
Pine Harbor 408
0%
Pine Island 1,183
0%
Pinewood Estates 1,374
0%
Plantersville 519
0%
Pleak 1,182
0%
Pleasant Hill 744
0%
Pleasant Valley 359
0%
Plum Grove 1,639
0%
Point Blank 691
0%
Porter Heights 1,063
0%
Potosi 4,524
0%
Powderly 1,361
0%
Poynor 290
0%
Prado Verde 493
0%
Praesel 180
0%
Preston 1,617
0%
Priddy 102
0%
Proctor 148
0%
Pyote 69
0%
Quesada 61
0%
Quintana 25
0%
Quitaque 358
0%
Rafael Pena 26
0%
Ralls 1,613
0%
Ramos 35
0%
Ranchitos del Norte 308
0%
Ranchitos East 20
0%
Ranchitos Las Lomas 333
0%
Ransom Canyon 1,180
0%
Redfield 500
0%
Redford 139
0%
Regino Ramirez 193
0%
Reklaw 345
0%
Retreat 436
0%
Richwood 4,835
0%
Riesel 1,063
0%
Rio Vista 1,216
0%
Rising Star 778
0%
Roaring Springs 204
0%
Roby 588
0%
Rock Island 371
0%
Rockwell Place 1,694
0%
Rocky Mound 61
0%
Roman Forest 2,367
0%
Ropesville 453
0%
Rose Hill Acres 332
0%
Rosharon 1,596
0%
Rotan 1,324
0%
Rowena 231
0%
Roxton 555
0%
Rule 561
0%
Runaway Bay 2,123
0%
Sadler 366
0%
Salineño 122
0%
Salineño North 89
0%
Sammy Martinez 161
0%
Samnorwood 29
0%
Sam Rayburn 1,163
0%
San Carlos I 213
0%
San Carlos II 305
0%
Sand Springs 781
0%
Sandy Point 240
0%
Sanford 130
0%
Santa Rita Ranch 4,055
0%
San Ygnacio 495
0%
Savoy 849
0%
Seagraves 2,260
0%
Serenada 1,513
0%
Seth Ward 1,909
0%
Seven Oaks 75
0%
Shadybrook 2,649
0%
Shallowater 2,972
0%
Shamrock 1,717
0%
Sheldon 2,449
0%
Shepherd 1,979
0%
Sherwood Shores 839
0%
Shoreacres 1,540
0%
Sierra Blanca 694
0%
Siesta Shores 1,939
0%
Simonton 662
0%
Skellytown 389
0%
Smyer 444
0%
South Frydek 223
0%
Southmayd 1,093
0%
South Toledo Bend 304
0%
Southwest Sandhill 1,174
0%
Spade 33
0%
Spearman 2,994
0%
Springlake 141
0%
Spring Valley Village 4,394
0%
Spur 843
0%
Stagecoach 603
0%
Sterling City 1,127
0%
Stinnett 1,599
0%
Stockton Bend 413
0%
Strawn 571
0%
Streetman 271
0%
Study Butte 172
0%
Sullivan City 3,900
0%
Sunray 1,735
0%
Sunrise Shores 650
0%
Sun Valley 74
0%
Tahoka 2,507
0%
Talco 487
0%
Tanquecitos South Acres 188
0%
Tanquecitos South Acres II 113
0%
Taylor Lake Village 3,792
0%
Taylor Landing 286
0%
Tehuacana 230
0%
Tenaha 1,002
0%
Terlingua 138
0%
Texhoma 252
0%
Texline 492
0%
Thompsons 184
0%
Thorntonville 540
0%
Thunderbird Bay 820
0%
Timbercreek Canyon 476
0%
Toco 93
0%
Todd Mission 131
0%
Tornillo 1,381
0%
Toyah 59
0%
Tunis 21
0%
Turkey 326
0%
Tuscola 847
0%
Tye 1,241
0%
Utopia 124
0%
Valentine 63
0%
Valle Vista 434
0%
Valley Mills 1,302
0%
Val Verde Park 3,197
0%
Vanderbilt 564
0%
Van Vleck 1,812
0%
Victoria Vera 27
0%
Villarreal 168
0%
Villa Verde 228
0%
Vinton 2,013
0%
Wadsworth 343
0%
Waka 105
0%
Wallis 1,360
0%
Walnut Springs 898
0%
Warren City 323
0%
Washburn 306
0%
Weinert 173
0%
Welch 276
0%
Wellman 228
0%
West Alto Bonito 745
0%
Westbrook 204
0%
Western Lake 1,418
0%
Weston Lakes 4,514
0%
West Orange 3,397
0%
Westway 3,515
0%
Westwood Shores 1,561
0%
White Deer 1,037
0%
Whiteface 378
0%
Whitharral 89
0%
Wickett 427
0%
Wildorado 178
0%
Wild Peach Village 2,580
0%
Wildwood 309
0%
Willow Grove 2,333
0%
Windom 201
0%
Windthorst 353
0%
Winfield 422
0%
Wingate 25
0%
Wink 878
0%
Winona 686
0%
Winters 2,281
0%
Wixon Valley 233
0%
Woodbranch 1,587
0%
Woodloch 179
0%
Woodson 236
0%
Wortham 1,034
0%
Zarate 104
0%
Zephyr 215
0%
No matching quizzes found
Score Distribution
Percent of People with Each Score
Percentile by Number Answered
Your Score History
You have not taken this quiz